Education and politicization : An analysis of the sources and consequences (Record no. 13237)
[ view plain ]
| 000 -LEADER | |
|---|---|
| fixed length control field | 00549nam a2200169Ia 4500 |
| 082 ## - DEWEY DECIMAL CLASSIFICATION NUMBER | |
| Classification number | TE.0005 |
| 100 ## - MAIN ENTRY--AUTHOR NAME | |
| Personal name | Ehsanul, Haq |
| 245 #0 - TITLE STATEMENT | |
| Title | Education and politicization : An analysis of the sources and consequences |
| 260 ## - PUBLICATION, DISTRIBUTION, ETC. (IMPRINT) | |
| Year of publication | 1975 |
| Name of publisher | Jawaharlal Nehru University |
| 300 ## - PHYSICAL DESCRIPTION | |
| Number of Pages | 260p. |
| 650 ## - SUBJECT ADDED ENTRY--TOPICAL TERM | |
| Topical Term | EDUCATION AND STATE///POLITICS AND EDUCATION |
| 650 ## - SUBJECT ADDED ENTRY--TOPICAL TERM | |
| Topical Term | POLITICS AND EDUCATION |
| 650 ## - SUBJECT ADDED ENTRY--TOPICAL TERM | |
| Topical Term | EDUCATION AND POLITICS//POLITICS AND EDUCATION |
| 650 ## - SUBJECT ADDED ENTRY--TOPICAL TERM | |
| Topical Term | POLITICS, PRACTICAL///POLITICS AND EDUCATION |
| 710 ## - ADDED ENTRY--CORPORATE NAME | |
| Corporate name or jurisdiction name as entry element | Oommen, T.K. |
| 942 ## - ADDED ENTRY ELEMENTS (KOHA) | |
| Koha item type | Thesis |
| Source of classification or shelving scheme | Dewey Decimal Classification |
| Withdrawn status | Lost status | Damaged status | Not for loan | Home library | Current library | Date acquired | Full call number | Accession Number | Price effective from | Koha item type |
|---|---|---|---|---|---|---|---|---|---|---|
| NASSDOC Library | NASSDOC Library | 08/10/2004 | TE.0005 | 9649 | 18/04/2019 | Thesis |
